Teoría y práctica de la política exterior latinoamericana /
Αποθηκεύτηκε σε:
| Κύριος συγγραφέας: | |
|---|---|
| Άλλοι συγγραφείς: | |
| Μορφή: | Κείμενο |
| Έκδοση: |
s.l.:
CEREC
|
| Ετικέτες: |
Προσθήκη ετικέτας
Δεν υπάρχουν, Καταχωρήστε ετικέτα πρώτοι!
|
MARC
| LEADER | 00000 a a2200000 04500 | ||
|---|---|---|---|
| 001 | 25194 | ||
| 003 | |||
| 040 | |||
| 090 | |a 180200 | ||
| 100 | |a Drekonja, Gerhard | ||
| 245 | |a Teoría y práctica de la política exterior latinoamericana / |c Gerhard Drekonja | ||
| 260 | |a s.l.: |b CEREC | ||
| 700 | |a Tokatlián, Juan Gabriel | ||
| 999 | |c 12266 |d 12266 | ||
